An Investigation into the Relationship between Land Administration and Economic Development (Record no. 121761)

MARC details
000 -LEADER
fixed length control field 01116cam a2200277 4500
008 - FIXED-LENGTH DATA ELEMENTS--GENERAL INFORMATION
fixed length control field 040913t2013 000 0 eng u
041 ## - LANGUAGE CODE
Language code of text/sound track or separate title eng
110 2# - MAIN ENTRY--CORPORATE NAME
Corporate name or jurisdiction name as entry element Royal Institution of Chartered Surveyors
9 (RLIN) 4900
245 00 - TITLE STATEMENT
Title An Investigation into the Relationship between Land Administration and Economic Development
Medium [electronic resource]
260 ## - PUBLICATION, DISTRIBUTION, ETC.
Place of publication, distribution, etc. London,
Name of publisher, distributor, etc. RICS,
Date of publication, distribution, etc. June 2013
300 ## - PHYSICAL DESCRIPTION
Extent 32p.
490 #0 - SERIES STATEMENT
Series statement RICS Research
520 ## - SUMMARY, ETC.
Summary, etc. In this research, the land titling program of Thailand is studied as a successful example of this process and the surveying settlement program in Bangladesh is selected as a detailed comparative case study
650 24 - SUBJECT ADDED ENTRY--TOPICAL TERM
Topical term or geographic name entry element LAND USE
651 #4 - SUBJECT ADDED ENTRY--GEOGRAPHIC NAME
Geographic name LAND
662 ## - SUBJECT ADDED ENTRY--HIERARCHICAL PLACE NAME
Country or larger entity Thailand
662 ## - SUBJECT ADDED ENTRY--HIERARCHICAL PLACE NAME
Country or larger entity Bangladesh
690 ## - LOCAL SUBJECT ADDED ENTRY--TOPICAL TERM (OCLC, RLIN)
Topical term or geographic name as entry element RICS
9 (RLIN) 6277
700 1# - ADDED ENTRY--PERSONAL NAME
Personal name Wyatt, Pete
700 1# - ADDED ENTRY--PERSONAL NAME
Personal name Subedi, Gandhi
700 1# - ADDED ENTRY--PERSONAL NAME
Personal name Eriksson, Clare
700 1# - ADDED ENTRY--PERSONAL NAME
Personal name Rowlands, James
700 1# - ADDED ENTRY--PERSONAL NAME
Personal name Johal, Amanprit
856 48 - ELECTRONIC LOCATION AND ACCESS
Uniform Resource Identifier <a href="http://www.propertyresearchtrust.org/uploads/1/3/4/8/134819607/land_administration_and_economic_development.pdf">http://www.propertyresearchtrust.org/uploads/1/3/4/8/134819607/land_administration_and_economic_development.pdf</a>
Public note Available from the Property Research Trust
942 ## - ADDED ENTRY ELEMENTS (KOHA)
Suppress in OPAC 0
Source of classification or shelving scheme Dewey Decimal Classification
Holdings
Withdrawn status Lost status Damaged status Not for loan Home library Current library Shelving location Date acquired Total Checkouts Date last seen Price effective from Koha item type
        Virtual Virtual Online 04/01/2024   04/01/2024 04/01/2024 Online material